| 000 | 00405nam a2200181Ia 4500 | ||
|---|---|---|---|
| 005 | 20250425162627.0 | ||
| 008 | 250425s9999 xx 000 0 und d | ||
| 041 | _aspa | ||
| 082 | _a549 | ||
| 100 | _aEDWARD SALISBURY, DANA | ||
| 245 | 0 | _aTRATADO DE MINERALOGIA | |
| 250 | _a1A ED. | ||
| 260 |
_aEstados Unidos _bCECS _c1971 |
||
| 260 | _aS.L. | ||
| 300 | _a910 | ||
| 942 | _c01 | ||
| 010 | _a91110 | ||
| 999 |
_c233164 _d233164 |
||